000 00485nam a2200133 a 4500
008 120416s1971 ||||||||||||||||| || u
050 _aTA 684 Dis
100 _aDisque, Robert O
245 1 0 _aApplied plastic design in steel
260 _aNew York
_bVan Nostrand Reinhold
_c1971
300 _axi, 243p. : ill.
350 _a0.00
995 _D0.00
_FCBU-MAIN LIBRARY (Kitwe)
_H1
_I7.00
_M1
_UAVAILABLE
_ZMain Library Open Access Collection
999 _c34594
_d34594